| 000 | 00534nam a22001577a 4500 | ||
|---|---|---|---|
| 999 |
_c559 _d559 |
||
| 008 | 191022b ||||| |||| 00| 0 eng d | ||
| 020 | _a9789280142280 | ||
| 082 | 0 | 0 | _a341.75660265 I339 |
| 110 |
_976 _aInternational Maritime Organization |
||
| 245 | 1 | 0 |
_aSAR convention, 1979 : International Convention on Maritime Search and Rescue, 1979 : as amended by resolution MSC. 70(69) _cby IMO |
| 250 | _a7th ed. | ||
| 260 |
_aLondon _bInternational Maritime Organization _c2006 |
||
| 300 | _a26p. | ||
| 650 | 0 | _aMarine Accidents | |
| 942 | _cBK | ||